L'Indonésie pour les touristes... - Statistiques

Statistiques générales
  • Ce quiz a été pris 22 fois
  • Le résultat moyen est 8 sur 20
Statistiques - réponses
Question Indice Réponses % Correct
Quelle est la langue officielle ? Indonésien
100%
Le principal aéroport est J Jakarta
89%
Combien d'heures (environ) mettrez-vous pour vous y rendre ? (en chiffres) 18
74%
Dans la capitale quel est le décalage horaire avec Paris ? (+ ou - et chiffre) ex - 10 ou + 3,5 + 5
74%
La religion majoritaire est Islam
68%
Le suffixe internet est id
63%
Achats à faire 1/ Boisson chaude Café
47%
Achats à faire 2/ Sculpture sur Bois
42%
Quelle est la monnaie ? Roupie indonésienne
42%
Quelles sont les principaux lieux touristiques ? B Volcan {Bromo}
37%
Quelles sont les principaux lieux touristiques ? B Temple {Borobudur} à Java
26%
Quelles sont les principaux lieux touristiques ? P Temples de {Prambanan}
21%
Quelles sont les principaux lieux touristiques ? F Ile de {Florès}
16%
Comment se nomme la principale compagnie aérienne locale G I Garuda Indonesia
11%
Quelles sont les principaux lieux touristiques ? R A Iles {Raja Ampat}
11%
Quel est le régime du pays ? R P République présidentielle
11%
Code sur les plaques minéralogiques RI
11%
Achats à faire 3/ Tissu Sarong
11%
Achats à faire 4/ Encens appelé Dupa
0%
Quels sont les climats locaux ? E & TH {Equatorial} & {Tropical humide}
0%
Aucun quiz correspondant
Distribution des résultats
% des personnes avec chaque résultat
Percentile par nombre de réponses
Votre historique - résultats
Vous n’avez pas pris ce quiz